| 000 | 00000nas 2200000za 4500 |
| 001 | 9.500836 |
| 003 | CaOODSP |
| 005 | 20200325121313 |
| 007 | cr ||||||||||| |
| 008 | 150406c1993||||xxc|| m o||||f| |0fre|d |
| 040 | |aCaOODSP|bfre |
| 043 | |an-cn--- |
| 086 | 1 |aA54-9F-PDF |
| 130 | 0 |aBulletin technique (Centre de recherche et de développement en horticulture (Canada)) |
| 245 | 10|aBulletin technique |h[ressource électronique] / |cCentre de recherche et de développement en horticulture. |
| 260 | |aSaint-Jean-sur-Richelieu, Québec : |bCentre de recherche et de développement en horticulture, Direction générale de la recherche, Agriculture et Agroalimentaire Canada, |c[1993]-. |
| 691 | 07|aAgriculture|2gcpds |
| 691 | 07|aRecherche|2gcpds |
| 710 | 1 |aCanada. |bAgriculture et agroalimentaire Canada. |bDirection générale de la recherche. |
| 775 | 08|tTechnical bulletin |w(CaOODSP)9.504411 |
| 776 | 0#|tBulletin technique / |w(CaOODSP)9.512831 |